000 nam a22 7a 4500
999 _c148151
_d148149
005 20190429132614.0
008 190408b ag ||||| |||| 00| 0 spa d
050 0 4 _aKK3827
_bR67 1955
100 1 _aRosenberg, Leo,
_d1879-1963,
_eautor
240 1 0 _aLehrbuch des deutschen Zivilprozessrechts
245 1 0 _aTratado de derecho procesal civil
_c/ Leo Rosenberg ; traducción de Angela Romera Vera ; Supervisión de Eduardo B. Carlos y Ernesto Krotoschin ; dirigida por H. Alsina, E. J. Couture, A. Vélez Mariconde ; subdirector Santiago Sentís Melendo.
250 _aPrimera edición
260 _aBuenos Aires :
_bEdiciones Jurídicas Europa-América,
_c1955
300 _a3v. ;
_c23 cm.
490 0 _aCiencia del proceso ;
_v27, 28, 29
505 1 _aContenido :
_tV.1 Introducción : Teoría general
_tV.2 El procedimiento de sentencia
_tV.3 La ejecución Forzosa, V.4 Embargo preventivo y medidas provisionales de seguridad
650 7 _2lemb
_aProcedimiento civil
_zAlemania
700 1 _aRomera Vera, Angela,
_d1912-1990,
_etraductor
700 1 _aCarlos, Eduardo B.
_esupervisión
700 1 _aKrotoschin, Ernesto,
_esupervisión
700 1 _aAlsina, Hugo,
_edirigida
700 1 _aCouture, Eduardo Juan,
_d1904-1956,
_edirigida
700 1 _eVélez Mariconde, A.
_ddirigida
700 1 _aSentís Melendo, Santiago,
_esubdirector
942 _2lcc
_cLIB